ARRUPE JESUIT UNIVERSITY

CORONAVIRUS -STOP THE SPREAD - CLEAN,DISINFECT,COVER

The Politics of opposition in contemporary Africa / (Record no. 124785)

MARC details
000 -LEADER
fixed length control field 01089mam a2200301 a 4500
001 - CONTROL NUMBER
control field 2167923
003 - CONTROL NUMBER IDENTIFIER
control field ARRUPE
005 - DATE AND TIME OF LATEST TRANSACTION
control field 20160503110008.0
008 - FIXED-LENGTH DATA ELEMENTS--GENERAL INFORMATION
fixed length control field 980928s1998 sw b 001 0 eng d
020 ## - INTERNATIONAL STANDARD BOOK NUMBER
International Standard Book Number 9171064192 (pbk.)
035 ## - SYSTEM CONTROL NUMBER
System control number (OCoLC)ocm39944933
040 ## - CATALOGING SOURCE
Original cataloging agency EUN
Transcribing agency EUN
Modifying agency HVC
-- NNC
043 ## - GEOGRAPHIC AREA CODE
Geographic area code f------
090 ## - LOCALLY ASSIGNED LC-TYPE CALL NUMBER (OCLC); LOCAL CALL NUMBER (OCLC)
Classification number (OCLC) (R) ; Classification number, CALL (RLIN) (NR) JQ1877.9O6P64 1998
300 ## - PHYSICAL DESCRIPTION
Dimensions 25 cm.
100 ## - MAIN ENTRY--PERSONAL NAME
Personal name Adebayo O. Olukoshi
9 (RLIN) 24311
245 14 - TITLE STATEMENT
Title The Politics of opposition in contemporary Africa /
Statement of responsibility, etc edited by Adebayo O. Olukoshi.
260 ## - PUBLICATION, DISTRIBUTION, ETC. (IMPRINT)
Place of publication, distribution, etc Uppsala :
Name of publisher, distributor, etc Nordiska Afrikainstitutet,
Date of publication, distribution, etc 1998.
300 ## - PHYSICAL DESCRIPTION
Extent 328 p. ;
500 ## - GENERAL NOTE
General note Revised papers from a December 1995 conference held in Accra, Ghana, organized by the Nordic African Institute.
504 ## - BIBLIOGRAPHY, ETC. NOTE
Bibliography, etc Includes bibliographical references (p. 306-318) and index.
650 #0 - SUBJECT ADDED ENTRY--TOPICAL TERM
Topical term or geographic name as entry element Opposition (Political science)
Geographic subdivision Africa.
9 (RLIN) 24312
650 #0 - SUBJECT ADDED ENTRY--TOPICAL TERM
Topical term or geographic name as entry element Democracy
Geographic subdivision Africa.
9 (RLIN) 12206
650 #0 - SUBJECT ADDED ENTRY--TOPICAL TERM
Topical term or geographic name as entry element Political parties
Geographic subdivision Africa.
9 (RLIN) 24313
651 #0 - SUBJECT ADDED ENTRY--GEOGRAPHIC NAME
Geographic name Africa
General subdivision Politics and government.
9 (RLIN) 24314
700 1# - ADDED ENTRY--PERSONAL NAME
Personal name Olukoshi, Adebayo O.
9 (RLIN) 24315
942 ## - ADDED ENTRY ELEMENTS (KOHA)
Source of classification or shelving scheme Library of Congress Classification
Koha item type Monograph ( Printed materials)
Holdings
Withdrawn status Lost status Source of classification or shelving scheme Damaged status Not for loan Collection code Home library Current library Shelving location Date acquired Total Checkouts Full call number Barcode Date last seen Date checked out Price effective from Koha item type
    Library of Congress Classification     Main Collection ARRUPE LIBRARY ARRUPE LIBRARY Main Collection 03/05/2016 3 JQ1877.9O6P64 1998 46500006415 09/10/2018 03/10/2018 03/05/2016 Monograph ( Printed materials)

 

Arrupe Library. PO Box MP320 Mt Pleasant, Harare, Zimbabwe
263 242 745411|librarian@aju.ac.zw